000 00449cam a2200181ua 4500
020 _cRs 1.50
041 _amal
_h
082 _a894.812 2
_bGOP/PA
100 _aGopinathan Nair, T N.
245 _aParivarthanam /
_cT N Gopinathan Nair.
_hTextual Documents
260 _aThrissur :
_bCurrent Books ,
_c1964.
300 _a98 ; .
365 _aRs 1.50
504 _a
650 _aDrama - Malayalam
942 _cBK
999 _c459
_d459